[Event "Hessen-ch A"]
[Site "Frankfurt/Main"]
[Date "2019.05.30"]
[Round "1"]
[White "Steudel, Max"]
[Black "Dunsbach, Ralf"]
[Result "1/2-1/2"]
[WhiteElo "1950"]
[BlackElo "2142"]
[PlyCount "59"]
[EventDate "2019.05.30"]
[EventType "swiss"]
[EventRounds "7"]
[EventCountry "GER"]

{[%evp 0,59,35,28,54,58,54,35,63,66,48,12,55,33,30,23,51,51,47,43,49,5,8,14,59,
-30,-14,-20,6,-49,-16,-35,0,-5,0,-30,29,20,-21,-53,12,8,96,106,106,106,106,0,
46,0,0,706,783,986,890,1170,1170,1207,1207,1219,1219,1219]} 1. e4 c5 2. Nc3 Nc6
3. f4 g6 4. Nf3 Bg7 5. Bb5 Nd4 6. O-O Nxb5 7. Nxb5 a6 8. Nc3 d6 9. d3 Nf6 10.
Qe1 O-O 11. Qh4 b5 12. h3 b4 13. Ne2 c4 14. Ng3 cxd3 15. cxd3 a5 16. Be3 Ba6
17. Rad1 Nd7 18. f5 Ne5 19. Bh6 Nxf3+ 20. Rxf3 f6 21. fxg6 hxg6 22. Bxg7 Kxg7
23. Nf5+ gxf5 24. Qh5 Rg8 25. Rg3+ Kf8 26. Qh6+ Kf7 27. Qh7+ Ke6 28. Qxf5+ Kf7
29. Qh7+ Ke6 30. Qf5+ 1/2-1/2

[Event "Hessen-ch A"]
[Site "Frankfurt/Main"]
[Date "2019.05.30"]
[Round "1"]
[White "Stock, Juergen"]
[Black "Iliev, Mustafa Batuhan"]
[Result "1-0"]
[WhiteElo "1875"]
[BlackElo "2068"]
[PlyCount "29"]
[EventDate "2019.05.30"]
[EventType "swiss"]
[EventRounds "7"]
[EventCountry "GER"]

{[%evp 0,29,30,29,57,53,55,38,69,-43,-29,-29,-29,-32,12,19,-12,-11,48,23,69,
-42,35,117,450,527,607,607,607,589,985,919]} 1. d4 f5 2. Nf3 Nf6 3. h3 d6 4. g4
fxg4 5. hxg4 Bxg4 6. Ng5 d5 7. Qd3 Qd6 8. Nc3 Nc6 9. Nb5 Qd7 10. Rxh7 Bf5 11.
Nxc7+ Kd8 12. Nce6+ Bxe6 13. Rxh8 Bg8 14. Bh3 Qd6 15. Rxg8 1-0

[Event "Hessen-ch A"]
[Site "Frankfurt/Main"]
[Date "2019.05.30"]
[Round "1"]
[White "Varma, Christopher"]
[Black "Muth, Andreas"]
[Result "1/2-1/2"]
[WhiteElo "1842"]
[BlackElo "2030"]
[PlyCount "118"]
[EventDate "2019.05.30"]
[EventType "swiss"]
[EventRounds "7"]
[EventCountry "GER"]

{[%evp 0,85,21,21,100,100,96,36,19,-2,93,99,99,79,79,23,38,40,39,1,47,46,31,32,
55,-32,-16,-15,-15,-13,-14,0,-12,-36,37,37,30,23,38,-3,37,55,111,111,111,122,
81,81,81,77,191,172,167,158,195,186,200,196,198,199,199,187,195,164,164,146,
206,111,214,112,116,99,173,173,175,157,193,165,187,146,202,168,151,125,213,234,
234,188]} 1. e4 c5 2. Nc3 e6 3. g3 Nc6 4. Bg2 g6 5. d3 Bg7 6. Be3 d6 7. Qd2
Nge7 8. Bh6 O-O 9. h4 Bxh6 10. Qxh6 f6 11. O-O-O e5 12. Qd2 Be6 13. h5 g5 14.
h6 Qa5 15. Kb1 b5 16. f4 Bg4 17. Bf3 Bxf3 18. Nxf3 Nd4 19. Qe3 b4 20. Ne2 Ng6
21. fxg5 Nxf3 22. Qxf3 fxg5 23. Qg4 Qd8 24. Rh5 Rf6 25. Rxg5 Qe7 26. Rf5 Raf8
27. Rdf1 R8f7 28. c3 a5 29. Qf3 Rxf5 30. exf5 Nf8 31. g4 Qg5 32. Rh1 Rf6 33.
Qh3 d5 34. Qh4 Qxh4 35. Rxh4 e4 36. dxe4 dxe4 37. Kc2 Nd7 38. Ng3 e3 39. g5 Rd6
40. Re4 Rd2+ 41. Kc1 Rd3 42. cxb4 cxb4 43. Nf1 Kf7 44. Rxe3 Rd5 45. Ng3 Nc5 46.
Kc2 Nd7 47. Rd3 Rc5+ 48. Kd1 Ne5 49. Rd6 Rc7 50. Ne4 Rc4 51. Rf6+ Kg8 52. Nd6
Rd4+ 53. Ke2 Nd7 54. Re6 Nf8 55. Rf6 Nd7 56. Ke3 Rd1 57. Ke2 Rd4 58. Re6 Nf8
59. Rf6 Nd7 1/2-1/2

[Event "Hessen-ch A"]
[Site "Frankfurt/Main"]
[Date "2019.05.30"]
[Round "2"]
[White "Blaschke, Henri Johannes"]
[Black "Haack, Kevin"]
[Result "0-1"]
[WhiteElo "1838"]
[BlackElo "2033"]
[PlyCount "74"]
[EventDate "2019.05.30"]
[EventType "swiss"]
[EventRounds "7"]
[EventCountry "GER"]

1. d4 d5 2. c4 e6 3. Nf3 Nf6 4. g3 Be7 5. Bg2 O-O 6. O-O c6 7. Qc2 b6 8. Nbd2
Bb7 9. e4 Na6 10. e5 Nd7 11. cxd5 Nb4 12. Qb3 Nxd5 13. Ne4 c5 14. dxc5 Nxc5 15.
Nxc5 Bxc5 16. Bg5 Qc7 17. Rac1 a5 18. a3 Ba6 19. Rfe1 h6 20. Bd2 Rac8 21. Qa2
Qa7 22. b4 axb4 23. axb4 Nxb4 24. Bxb4 Bxb4 25. Rxc8 Rxc8 26. Ra1 Ba5 27. Nd4
Qd7 28. Rc1 Bc4 29. Qa1 Rd8 30. Bf3 Bd5 31. Be2 Rc8 32. Nb5 Bb4 33. Qd4 Bc5 34.
Qf4 Qe8 35. Bh5 Qxb5 36. Bxf7+ Kh8 37. Qg4 Rf8 0-1

[Event "Hessen-ch A"]
[Site "Frankfurt/Main"]
[Date "2019.05.30"]
[Round "2"]
[White "Calvi, Stefan"]
[Black "Carow, Annelen"]
[Result "1/2-1/2"]
[WhiteElo "1980"]
[BlackElo "2131"]
[PlyCount "122"]
[EventDate "2019.05.30"]
[EventType "swiss"]
[EventRounds "7"]
[EventCountry "GER"]

1. e4 c5 2. c3 Nf6 3. e5 Nd5 4. d4 cxd4 5. Nf3 e6 6. cxd4 d6 7. Bd3 Nd7 8. O-O
Be7 9. Nc3 Nxc3 10. bxc3 dxe5 11. dxe5 Nc5 12. Bc2 Qxd1 13. Rxd1 h6 14. Be3 Bd7
15. Rab1 O-O-O 16. Nd4 b6 17. c4 Kb7 18. Nb3 Kc7 19. Kf1 Bc6 20. f3 g5 21. Nd4
a6 22. Nxc6 Kxc6 23. Ke2 Rxd1 24. Rxd1 Rd8 25. Rxd8 Bxd8 26. g3 Be7 27. Bh7 Kd7
28. h3 Ke8 29. f4 gxf4 30. gxf4 Nd7 31. Kf3 Bc5 32. Bd2 Kf8 33. Be4 Kg7 34. Bc6
Nf8 35. Kg4 Nh7 36. f5 exf5+ 37. Kxf5 Nf8 38. Kg4 Bd4 39. Kh5 Ne6 40. Bxh6+ Kg8
41. Bd5 Nc5 42. Kg4 Bxe5 43. Kf5 Bd4 44. Bf4 b5 45. cxb5 axb5 46. Bd2 Na6 47.
Bb7 Nc7 48. Bc6 Bb2 49. Ke4 Kh7 50. Bf4 Ne6 51. Bd6 Nd4 52. Bd7 Ne2 53. Kd3 Ng1
54. Ke3 Kg6 55. Bc5 f5 56. Bxb5 Nxh3 57. a4 Be5 58. a5 Bb8 59. a6 Ng5 60. Kd3
Ne6 61. Kc4 Nxc5 1/2-1/2

[Event "Hessen-ch A"]
[Site "Frankfurt/Main"]
[Date "2019.05.30"]
[Round "2"]
[White "Cherny, Andrey"]
[Black "Steudel, Max"]
[Result "1-0"]
[WhiteElo "2193"]
[BlackElo "1950"]
[PlyCount "89"]
[EventDate "2019.05.30"]
[EventType "swiss"]
[EventRounds "7"]
[EventCountry "GER"]

1. Nf3 c5 2. b3 Nc6 3. Bb2 Nf6 4. e3 d5 5. Bb5 Bd7 6. Bxc6 Bxc6 7. Ne5 Qc7 8.
O-O e6 9. f4 Bd6 10. d3 O-O 11. Nd2 Nd7 12. Nxc6 Qxc6 13. Qg4 e5 14. f5 f6 15.
e4 b5 16. exd5 Qxd5 17. Ne4 Be7 18. Rf3 Rf7 19. Rh3 Nf8 20. a4 a6 21. Qf3 Rd8
22. axb5 axb5 23. Ra5 Qd7 24. Nc3 Rb8 25. Rh4 Bd8 26. Ra1 Bb6 27. Kh1 Rb7 28.
Nd5 Qd8 29. Ra6 Rfd7 30. Nc3 Ba5 31. Ne4 Bb6 32. Nd6 e4 33. Nxb7 Rxb7 34. Rxe4
c4 35. Qe2 cxd3 36. cxd3 Qd5 37. Re8 Bc5 38. Qe6+ Qxe6 39. fxe6 h6 40. d4 Bb4
41. d5 Rc7 42. d6 Rc2 43. e7 Bxd6 44. Ba3 Kh7 45. h4 1-0

[Event "Hessen-ch A"]
[Site "Frankfurt/Main"]
[Date "2019.05.30"]
[Round "2"]
[White "Dunsbach, Ralf"]
[Black "Rutsatz, Mario"]
[Result "1-0"]
[WhiteElo "2142"]
[BlackElo "1959"]
[PlyCount "73"]
[EventDate "2019.05.30"]
[EventType "swiss"]
[EventRounds "7"]
[EventCountry "GER"]

{[%evp 0,73,24,-5,-5,-66,-67,-69,-51,-51,-32,-32,16,-1,55,36,69,46,88,73,98,79,
63,18,93,39,36,25,18,3,20,-3,12,-29,-9,-17,22,-2,49,26,20,-23,-23,-50,-43,17,
17,12,260,329,537,537,517,517,601,532,536,536,573,399,399,399,410,410,464,454,
454,476,483,491,595,523,656,662,812,848]} 1. c4 e5 2. g3 Nc6 3. Bg2 Bc5 4. Nc3
d6 5. e3 a6 6. Nge2 Ba7 7. d4 Nge7 8. d5 Nb8 9. b4 Bf5 10. e4 Bg4 11. h3 Bh5
12. O-O Nd7 13. Bb2 O-O 14. Rc1 Bg6 15. g4 h5 16. Ng3 hxg4 17. hxg4 Nf6 18. Bf3
Nh7 19. Qd2 f6 20. Kg2 Ng5 21. Be2 Kf7 22. f4 exf4 23. Qxf4 Rh8 24. Qxg5 Nf5
25. Rxf5 Bxf5 26. Qxf5 Be3 27. Rh1 Rxh1 28. Kxh1 Qh8+ 29. Qh5+ g6 30. Qxh8
Rxh8+ 31. Kg2 c6 32. Nd1 Bd2 33. a3 cxd5 34. exd5 Re8 35. Nf2 f5 36. gxf5 gxf5
37. Bh5+ 1-0

[Event "Hessen-ch A"]
[Site "Frankfurt/Main"]
[Date "2019.05.30"]
[Round "2"]
[White "Dzyba, Sultan"]
[Black "Diez, Gerhard"]
[Result "0-1"]
[WhiteElo "1982"]
[BlackElo "1983"]
[PlyCount "50"]
[EventDate "2019.05.30"]
[EventType "swiss"]
[EventRounds "7"]
[EventCountry "GER"]

1. f4 e5 2. fxe5 d6 3. exd6 Bxd6 4. Nf3 g5 5. d4 g4 6. Ng5 Nf6 7. Nc3 Nc6 8. e3
Nh5 9. Nge4 Qh4+ 10. Nf2 Rg8 11. g3 Qe7 12. Rg1 Nf6 13. Bb5 Bd7 14. Qe2 O-O-O
15. Bd2 h5 16. O-O-O Rde8 17. Rde1 h4 18. Qd3 hxg3 19. hxg3 Rh8 20. e4 Nxd4 21.
e5 Bxe5 22. Bg5 Nxb5 23. Nxb5 Qc5 24. Rxe5 Rxe5 25. Nxa7+ Qxa7 0-1

[Event "Hessen-ch A"]
[Site "Frankfurt/Main"]
[Date "2019.05.30"]
[Round "2"]
[White "Foerster Yialamas, Lucas"]
[Black "Galkin, Wladislaw"]
[Result "1/2-1/2"]
[WhiteElo "1981"]
[BlackElo "2156"]
[PlyCount "115"]
[EventDate "2019.05.30"]
[EventType "swiss"]
[EventRounds "7"]
[EventCountry "GER"]

1. e4 e5 2. Nf3 Nc6 3. Bb5 a6 4. Ba4 Nf6 5. O-O b5 6. Bb3 Be7 7. Re1 d6 8. c3
O-O 9. d3 Na5 10. Bc2 c5 11. Nbd2 Qc7 12. Nf1 Re8 13. Ne3 Bf8 14. Bd2 Bb7 15.
Rc1 c4 16. dxc4 Nxc4 17. Nxc4 bxc4 18. Bg5 Nd7 19. Ba4 Bc6 20. Bxc6 Qxc6 21. b4
a5 22. a3 axb4 23. axb4 Ra3 24. Qd2 f6 25. Bh4 Nb6 26. Qe3 d5 27. exd5 Nxd5 28.
Qd2 Rea8 29. Bg3 Ra2 30. Rc2 Rxc2 31. Qxc2 Ra3 32. Qf5 Rxc3 33. b5 Qd6 34. Nxe5
Ne7 35. Qd7 Qxd7 36. Nxd7 Rd3 37. Nxf8 Kxf8 38. b6 Rd7 39. Bc7 Nc6 40. f3 Na5
41. Ra1 Nb7 42. Ra7 c3 43. Rxb7 c2 44. Rb8+ Ke7 45. Bf4 g5 46. Be3 Rd3 47. Rc8
Rxe3 48. Rxc2 Rb3 49. Rc6 Rb2 50. Rc7+ Kd6 51. Rf7 Ke6 52. Rb7 h5 53. g3 h4 54.
gxh4 gxh4 55. Rh7 Rxb6 56. Rxh4 Kf5 57. Ra4 Rb2 58. Rc4 1/2-1/2

[Event "Hessen-ch A"]
[Site "Frankfurt/Main"]
[Date "2019.05.30"]
[Round "2"]
[White "Goutham, Joshi"]
[Black "Bluebaum, Johanna"]
[Result "0-1"]
[WhiteElo "1839"]
[BlackElo "2003"]
[PlyCount "74"]
[EventDate "2019.05.30"]
[EventType "swiss"]
[EventRounds "7"]
[EventCountry "GER"]

1. d4 d5 2. c4 e6 3. Nc3 Bb4 4. e3 Nf6 5. Qa4+ Nc6 6. Nf3 O-O 7. Bd2 a6 8. Qc2
Re8 9. cxd5 exd5 10. Be2 Bd6 11. a3 Bg4 12. O-O Bh5 13. b4 Bg6 14. Bd3 Bxd3 15.
Qxd3 Qe7 16. b5 Na5 17. Nxd5 Nxd5 18. Bxa5 axb5 19. Bb4 Nxb4 20. axb4 Qd7 21.
Ng5 g6 22. Ne4 Qf5 23. Nc5 Qh5 24. h3 b6 25. Nd7 Kg7 26. d5 f6 27. Rxa8 Rxa8
28. Qxb5 Qf5 29. Rd1 Rd8 30. Nxb6 cxb6 31. Qxb6 Qd7 32. Rd4 Rc8 33. f4 Qe7 34.
Kf2 Rc2+ 35. Kf3 f5 36. b5 Qh4 37. g3 Qh5+ 0-1

[Event "Hessen-ch A"]
[Site "Frankfurt/Main"]
[Date "2019.05.30"]
[Round "2"]
[White "Halbig, Christopher"]
[Black "Bethke, Robert"]
[Result "1/2-1/2"]
[WhiteElo "1802"]
[BlackElo "2024"]
[PlyCount "70"]
[EventDate "2019.05.30"]
[EventType "swiss"]
[EventRounds "7"]
[EventCountry "GER"]

1. g3 d5 2. Nf3 Nf6 3. Bg2 c5 4. d3 e6 5. O-O Be7 6. Nbd2 Nc6 7. e4 O-O 8. Re1
b6 9. c3 dxe4 10. dxe4 Bb7 11. a3 Qc7 12. b4 Rfd8 13. Qe2 Ne5 14. Nxe5 Qxe5 15.
Bb2 cxb4 16. Nc4 Qc7 17. cxb4 Ba6 18. Rac1 Rac8 19. Bf1 Bxc4 20. Rxc4 Qxc4 21.
Qxc4 Rxc4 22. Bxc4 Rd2 23. Bxf6 gxf6 24. Re2 Rd1+ 25. Kg2 Rc1 26. Bb5 Rc3 27.
Ra2 Kf8 28. Kf1 Rc1+ 29. Ke2 a5 30. bxa5 bxa5 31. a4 Bb4 32. Kf3 Rc3+ 33. Kg2
Rc5 34. Bd3 Kg7 35. Rc2 Rc3 1/2-1/2

[Event "Hessen-ch A"]
[Site "Frankfurt/Main"]
[Date "2019.05.30"]
[Round "2"]
[White "Hasenstab, Robin"]
[Black "Fucik, Timo"]
[Result "1-0"]
[WhiteElo "1807"]
[BlackElo "2020"]
[PlyCount "95"]
[EventDate "2019.05.30"]
[EventType "swiss"]
[EventRounds "7"]
[EventCountry "GER"]

1. d4 d5 2. Nf3 c6 3. Bg5 h6 4. Bh4 Qb6 5. b3 Bf5 6. e3 Nd7 7. Be2 Ngf6 8. O-O
Ne4 9. Nfd2 g5 10. Bg3 Bg7 11. Nxe4 Bxe4 12. Nd2 Bg6 13. c3 O-O 14. f4 gxf4 15.
exf4 e6 16. Nf3 Be4 17. Kh1 f5 18. Nh4 c5 19. dxc5 Qxc5 20. Rc1 Rfd8 21. Bf2
Qd6 22. Ng6 e5 23. Nxe5 Nxe5 24. fxe5 Bxe5 25. h3 Qg6 26. Bf3 Rac8 27. Bd4 Bf4
28. Bxe4 Qg3 29. Rxf4 Qxf4 30. Bf3 Kh7 31. Rc2 Rc6 32. Re2 Rc7 33. Qe1 Qg5 34.
Re6 Rf8 35. Qe5 Rcf7 36. Be3 f4 37. Qxg5 hxg5 38. Bxa7 Ra8 39. Bd4 Rxa2 40.
Bxd5 Rd2 41. Be4+ Kg8 42. Re8+ Rf8 43. Bd5+ Kh7 44. Rxf8 Re2 45. Rf7+ Kg6 46.
Rxb7 g4 47. Rg7+ Kf5 48. hxg4# 1-0

[Event "Hessen-ch A"]
[Site "Frankfurt/Main"]
[Date "2019.05.30"]
[Round "2"]
[White "Henrich, David"]
[Black "Ochs, Daniel Elias"]
[Result "1/2-1/2"]
[WhiteElo "2115"]
[BlackElo "1906"]
[PlyCount "31"]
[EventDate "2019.05.30"]
[EventType "swiss"]
[EventRounds "7"]
[EventCountry "GER"]

{[%evp 0,31,24,-24,-5,-66,-7,-79,-48,-48,-48,-49,-49,-32,15,19,45,36,51,31,39,
41,42,39,31,33,77,61,53,45,42,28,30,-11]} 1. c4 e5 2. g3 Nf6 3. Bg2 Bc5 4. Nc3
Nc6 5. e3 d6 6. Nge2 a5 7. d4 exd4 8. exd4 Ba7 9. h3 h6 10. O-O O-O 11. Be3 Re8
12. Qd3 Ne7 13. g4 d5 14. c5 c6 15. a3 Bb8 16. Bf4 1/2-1/2

[Event "Hessen-ch A"]
[Site "Frankfurt/Main"]
[Date "2019.05.30"]
[Round "2"]
[White "Hess, Steffen"]
[Black "Sabol, Goran"]
[Result "1-0"]
[WhiteElo "2038"]
[BlackElo "1867"]
[PlyCount "91"]
[EventDate "2019.05.30"]
[EventType "swiss"]
[EventRounds "7"]
[EventCountry "GER"]

1. d4 Nf6 2. Nf3 g6 3. c4 d6 4. Nc3 Bg7 5. e4 O-O 6. Be2 e5 7. O-O Nc6 8. d5
Ne7 9. Ne1 Ne8 10. Nd3 f5 11. Bd2 f4 12. f3 g5 13. g4 fxg3 14. hxg3 Ng6 15. c5
Qd7 16. Bxg5 Qh3 17. Qe1 h6 18. Be3 Nf6 19. f4 exf4 20. Nxf4 Nxf4 21. Rxf4 Ng4
22. Rxf8+ Bxf8 23. Bxg4 Bxg4 24. Qf2 Bg7 25. Qh2 Qxh2+ 26. Kxh2 Bf3 27. cxd6
cxd6 28. Rf1 Bxc3 29. Rxf3 Bxb2 30. Bxh6 Re8 31. Rf2 Bd4 32. Re2 Kf7 33. Bf4
Be5 34. Kg2 b5 35. Bxe5 Rxe5 36. Kf3 Re7 37. Rc2 Rb7 38. Rc6 Ke7 39. Kf4 b4 40.
g4 a5 41. Ra6 Rb5 42. Kf5 Kd7 43. g5 Kc7 44. g6 Kb7 45. Rxd6 a4 46. g7 1-0

[Event "Hessen-ch A"]
[Site "Frankfurt/Main"]
[Date "2019.05.30"]
[Round "2"]
[White "Iliev, Mustafa Batuhan"]
[Black "Ahrends, Norbert"]
[Result "0-1"]
[WhiteElo "2068"]
[BlackElo "1927"]
[PlyCount "62"]
[EventDate "2019.05.30"]
[EventType "swiss"]
[EventRounds "7"]
[EventCountry "GER"]

1. e4 c5 2. Nf3 d6 3. d4 cxd4 4. Nxd4 Nf6 5. Nc3 a6 6. Be2 e5 7. Nb3 Be6 8. Be3
Be7 9. O-O Nbd7 10. a4 b6 11. f4 Qc7 12. Nd5 Bxd5 13. exd5 O-O 14. c4 Ne4 15.
Qc2 Nec5 16. Nd2 exf4 17. Bxf4 Bf6 18. Nf3 Rae8 19. Rae1 Ne5 20. Kh1 a5 21. Nd4
Nb7 22. Bg3 Qd7 23. h3 Qc8 24. Nf5 Ng6 25. Nxd6 Nxd6 26. Bxd6 Be7 27. Bg4 Qd8
28. Bxe7 Rxe7 29. Qf2 Ne5 30. Qd4 Qd6 31. Be6 Rxe6 0-1

[Event "Hessen-ch A"]
[Site "Frankfurt/Main"]
[Date "2019.05.30"]
[Round "2"]
[White "Kolker, Vladislav"]
[Black "Froehlich Dill, Astrid"]
[Result "1-0"]
[WhiteElo "2023"]
[BlackElo "1845"]
[PlyCount "97"]
[EventDate "2019.05.30"]
[EventType "swiss"]
[EventRounds "7"]
[EventCountry "GER"]

1. e4 e6 2. Nf3 b6 3. d3 Bb7 4. g3 c5 5. Bg2 g6 6. O-O Bg7 7. c3 Ne7 8. Bf4 d6
9. Nbd2 O-O 10. Nc4 e5 11. Bd2 Ba6 12. Qe2 b5 13. Ne3 Nbc6 14. Nh4 Qd7 15. f4
exf4 16. gxf4 Bf6 17. Be1 b4 18. Ng4 Bg7 19. Bh3 f5 20. Ne3 Rae8 21. Rd1 Qc7
22. exf5 Nxf5 23. Nhxf5 gxf5 24. Qf3 Ne7 25. Rf2 Bc8 26. cxb4 Rf6 27. Bg2 Rg6
28. Kh1 Kh8 29. bxc5 dxc5 30. Rc2 Rg8 31. Bg3 Rh6 32. d4 Rc6 33. d5 Rh6 34. b4
Bb7 35. bxc5 Bf8 36. c6 Ba8 37. Nc4 Nc8 38. Be1 Nd6 39. Bc3+ Bg7 40. Be5 Bxe5
41. Nxe5 Ne4 42. Qd3 Ng3+ 43. Kg1 Rxh2 44. Kxh2 Qg7 45. d6 Qh6+ 46. Kg1 Qxf4
47. Qd4 Qxd4+ 48. Rxd4 Bxc6 49. Nxc6 1-0

[Event "Hessen-ch A"]
[Site "Frankfurt/Main"]
[Date "2019.05.30"]
[Round "2"]
[White "Krychevskiy, Dmytro"]
[Black "Bagatsch, Thomas"]
[Result "1/2-1/2"]
[WhiteElo "1927"]
[BlackElo "2087"]
[PlyCount "45"]
[EventDate "2019.05.30"]
[EventType "swiss"]
[EventRounds "7"]
[EventCountry "GER"]

1. e4 e5 2. Nf3 Nc6 3. d4 exd4 4. Nxd4 Nf6 5. Nxc6 bxc6 6. e5 Nd5 7. c4 Bb4+ 8.
Nd2 Ne7 9. a3 Bxd2+ 10. Bxd2 Ng6 11. Bc3 O-O 12. Qh5 Qh4 13. Qxh4 Nxh4 14.
O-O-O Re8 15. f4 a5 16. g3 Nf5 17. Bd3 d5 18. Rhe1 Ne7 19. Rf1 g6 20. Rg1 Be6
21. c5 Bf5 22. g4 Bxd3 23. Rxd3 1/2-1/2

[Event "Hessen-ch A"]
[Site "Frankfurt/Main"]
[Date "2019.05.30"]
[Round "2"]
[White "Kuhn, Gerhard"]
[Black "Yaghi, Rita"]
[Result "1/2-1/2"]
[WhiteElo "1977"]
[BlackElo "1783"]
[PlyCount "24"]
[EventDate "2019.05.30"]
[EventType "swiss"]
[EventRounds "7"]
[EventCountry "GER"]

{[%evp 0,24,28,24,53,7,45,38,10,10,8,-11,17,5,39,-23,-5,-49,-16,-18,4,-6,44,-5,
4,14,25]} 1. e4 c5 2. c3 Nf6 3. e5 Nd5 4. d4 cxd4 5. cxd4 Nc6 6. Nf3 e6 7. a3
d6 8. Bd3 Qc7 9. O-O Bd7 10. Re1 h6 11. b4 a6 12. Nbd2 dxe5 1/2-1/2

[Event "Hessen-ch A"]
[Site "Frankfurt/Main"]
[Date "2019.05.30"]
[Round "2"]
[White "Mudrinic, Nenad"]
[Black "Dietze, Frank"]
[Result "0-1"]
[WhiteElo "1897"]
[BlackElo "2112"]
[PlyCount "72"]
[EventDate "2019.05.30"]
[EventType "swiss"]
[EventRounds "7"]
[EventCountry "GER"]

1. c4 Nf6 2. Nc3 g6 3. g3 Bg7 4. Bg2 O-O 5. b4 e5 6. Bb2 Re8 7. d3 d6 8. e3 c6
9. Nge2 Bg4 10. h3 Be6 11. O-O Qd7 12. Kh2 Na6 13. b5 Nb8 14. a4 d5 15. cxd5
cxd5 16. d4 e4 17. Nf4 g5 18. Nxe6 Qxe6 19. Qb3 Nbd7 20. a5 Rac8 21. Na4 Rc4
22. Rfc1 Rec8 23. Bf1 Rxc1 24. Rxc1 Rxc1 25. Bxc1 b6 26. a6 h5 27. Qc2 Bf8 28.
Qc7 Bd6 29. Qc8+ Kg7 30. Be2 h4 31. Bd2 g4 32. Bf1 Qf5 33. Kg1 hxg3 34. Be1
gxh3 35. Nxb6 gxf2+ 36. Bxf2 h2+ 0-1

[Event "Hessen-ch A"]
[Site "Frankfurt/Main"]
[Date "2019.05.30"]
[Round "2"]
[White "Muth, Andreas"]
[Black "Emig, Nils"]
[Result "1/2-1/2"]
[WhiteElo "2030"]
[BlackElo "1784"]
[PlyCount "58"]
[EventDate "2019.05.30"]
[EventType "swiss"]
[EventRounds "7"]
[EventCountry "GER"]

1. c4 Nf6 2. Nf3 c6 3. Nc3 d5 4. e3 e6 5. Qc2 Bd6 6. b3 Nbd7 7. Be2 O-O 8. Bb2
a6 9. d4 dxc4 10. bxc4 e5 11. O-O Re8 12. Bd3 Qe7 13. Ne4 Nxe4 14. Bxe4 Nf6 15.
dxe5 Nxe4 16. Qxe4 f6 17. Qh4 fxe5 18. Qxe7 Rxe7 19. Rfd1 Bc7 20. Ba3 Rd7 21.
Ng5 h6 22. Ne4 Rxd1+ 23. Rxd1 Be6 24. Rc1 Rd8 25. Kf1 Bf5 26. Nc5 Bd3+ 27. Nxd3
Rxd3 28. Bb4 Kf7 29. Ke2 Rd7 1/2-1/2

[Event "Hessen-ch A"]
[Site "Frankfurt/Main"]
[Date "2019.05.30"]
[Round "2"]
[White "Neidhardt, Helge"]
[Black "Dreis, Volker"]
[Result "1/2-1/2"]
[WhiteElo "2094"]
[BlackElo "1930"]
[PlyCount "77"]
[EventDate "2019.05.30"]
[EventType "swiss"]
[EventRounds "7"]
[EventCountry "GER"]

1. d4 Nf6 2. Nf3 e6 3. c4 Bb4+ 4. Bd2 Qe7 5. Nc3 O-O 6. e3 b6 7. Qc2 Bb7 8. Bd3
d6 9. Ng5 h6 10. Nge4 Nbd7 11. O-O Nxe4 12. Bxe4 Bxe4 13. Qxe4 Bxc3 14. Bxc3 f5
15. Qd3 Nf6 16. f3 g5 17. d5 Nd7 18. dxe6 Qxe6 19. b3 Rae8 20. Rae1 Kh7 21. Qc2
Qg6 22. Re2 Re6 23. Rfe1 Rfe8 24. Bb2 Ne5 25. e4 f4 26. Bxe5 Rxe5 27. Rd1 Kg7
28. Rd5 Kf7 29. Red2 h5 30. Rxe5 Rxe5 31. Rd5 Qe6 32. Qd2 Ke7 33. h4 Qf6 34.
hxg5 Qxg5 35. Qd1 h4 36. Rxe5+ Qxe5 37. Qd2 c6 38. Qf2 Qc5 39. Qxc5 1/2-1/2

[Event "Hessen-ch A"]
[Site "Frankfurt/Main"]
[Date "2019.05.30"]
[Round "2"]
[White "Oezdemir, Ali Oezden"]
[Black "Kosak, Matjaz"]
[Result "1-0"]
[WhiteElo "1997"]
[BlackElo "1869"]
[PlyCount "79"]
[EventDate "2019.05.30"]
[EventType "swiss"]
[EventRounds "7"]
[EventCountry "GER"]

1. e4 e5 2. Nf3 Nc6 3. Bb5 a6 4. Ba4 Nf6 5. d3 b5 6. Bb3 Be7 7. O-O O-O 8. Re1
d6 9. c3 Bg4 10. h3 Bh5 11. Nbd2 Na5 12. Bc2 c5 13. Nf1 Rc8 14. Ng3 Bg6 15. Nh4
Nc6 16. Nhf5 Re8 17. h4 h6 18. Nxe7+ Rxe7 19. Qf3 d5 20. h5 Bh7 21. Bxh6 gxh6
22. Qxf6 Re6 23. Qxd8+ Rxd8 24. exd5 Rxd5 25. Bb3 c4 26. dxc4 Rd2 27. cxb5 Rf6
28. bxc6 Rfxf2 29. Re2 Rfxe2 30. Nxe2 Rxe2 31. c7 Bf5 32. Rd1 e4 33. Rf1 Bc8
34. Rxf7 Rxb2 35. Re7+ Kf8 36. Rxe4 Rd2 37. Be6 Rc2 38. Bxc8 Rxc3 39. Bxa6 Rxc7
40. a4 1-0

[Event "Hessen-ch A"]
[Site "Frankfurt/Main"]
[Date "2019.05.30"]
[Round "2"]
[White "Rolf, Marco"]
[Black "Stock, Juergen"]
[Result "1-0"]
[WhiteElo "2098"]
[BlackElo "1875"]
[PlyCount "65"]
[EventDate "2019.05.30"]
[EventType "swiss"]
[EventRounds "7"]
[EventCountry "GER"]

1. d4 e6 2. Nf3 f5 3. Nc3 d5 4. Bg5 Be7 5. Bxe7 Qxe7 6. e3 Nf6 7. Bd3 b6 8. Qe2
a5 9. Ne5 O-O 10. O-O c5 11. b3 Ba6 12. Nb5 Bxb5 13. Bxb5 Ne4 14. Qd3 Ra7 15.
c4 Rd8 16. cxd5 Rxd5 17. f3 cxd4 18. exd4 Nf6 19. Rfe1 Rc7 20. Rac1 Rxc1 21.
Rxc1 Nbd7 22. Rc8+ Nf8 23. Nc6 Qa3 24. Qe3 Rd6 25. Bc4 Kf7 26. Rc7+ N6d7 27. d5
Kf6 28. h4 h6 29. f4 Qc5 30. Qxc5 Nxc5 31. Ne5 Nfd7 32. dxe6 Nxe6 33. Rxd7 1-0

[Event "Hessen-ch A"]
[Site "Frankfurt/Main"]
[Date "2019.05.30"]
[Round "2"]
[White "Rosenberger, Frank"]
[Black "Varma, Christopher"]
[Result "1/2-1/2"]
[WhiteElo "2046"]
[BlackElo "1842"]
[PlyCount "31"]
[EventDate "2019.05.30"]
[EventType "swiss"]
[EventRounds "7"]
[EventCountry "GER"]

{[%evp 0,31,24,24,47,11,52,32,82,52,64,2,28,8,39,-4,19,-5,19,28,36,31,22,19,19,
16,14,16,22,12,8,9,38,36]} 1. e4 e6 2. d4 d5 3. Nc3 Nf6 4. e5 Nfd7 5. f4 c5 6.
Nf3 Nc6 7. Be3 cxd4 8. Nxd4 Bc5 9. Qd2 O-O 10. O-O-O a6 11. h4 Bxd4 12. Bxd4 b5
13. Kb1 Qa5 14. Ne2 Qxd2 15. Rxd2 b4 16. Bf2 1/2-1/2

[Event "Hessen-ch A"]
[Site "Frankfurt/Main"]
[Date "2019.05.30"]
[Round "2"]
[White "Ruhl, Moritz"]
[Black "Burkhardt, Holger"]
[Result "0-1"]
[WhiteElo "1867"]
[BlackElo "2042"]
[PlyCount "80"]
[EventDate "2019.05.30"]
[EventType "swiss"]
[EventRounds "7"]
[EventCountry "GER"]

1. d4 d6 2. Nf3 Nf6 3. c4 Nbd7 4. Nc3 e5 5. e4 Be7 6. g3 O-O 7. Bg2 c6 8. O-O
Re8 9. d5 cxd5 10. cxd5 Nc5 11. Re1 a5 12. Qc2 Bd7 13. Be3 Qc7 14. Bxc5 Qxc5
15. Rac1 b5 16. b3 Rec8 17. Qb2 Qb6 18. h3 Nh5 19. Kh2 Ra7 20. Re2 Rf8 21. Nd1
g6 22. b4 axb4 23. Ne1 Bg5 24. Rcc2 Rfa8 25. Nd3 Rxa2 26. Qxa2 Rxa2 27. Rxa2
Qd4 28. N1b2 Nf6 29. f4 exf4 30. gxf4 Bh4 31. e5 dxe5 32. fxe5 Nh5 33. e6 Bg3+
34. Kh1 Bd6 35. Ra8+ Kg7 36. Re1 Ng3+ 37. Kh2 Ne4+ 38. Kh1 Ng3+ 39. Kh2 fxe6
40. dxe6 Bxe6 0-1

[Event "Hessen-ch A"]
[Site "Frankfurt/Main"]
[Date "2019.05.30"]
[Round "2"]
[White "Schmitt, Carsten"]
[Black "Nies, Peter"]
[Result "1/2-1/2"]
[WhiteElo "1912"]
[BlackElo "2060"]
[PlyCount "42"]
[EventDate "2019.05.30"]
[EventType "swiss"]
[EventRounds "7"]
[EventCountry "GER"]

1. c4 Nf6 2. g3 c6 3. Bg2 d5 4. Nf3 Bf5 5. Qb3 Qb6 6. d3 e6 7. Be3 Qxb3 8. axb3
a6 9. O-O Nbd7 10. Nd4 Bg6 11. Nc2 Be7 12. h3 O-O 13. f4 h5 14. Nd2 Rfd8 15.
Nf3 Rac8 16. Kh1 Nc5 17. Ncd4 Ncd7 18. Nh4 Bh7 19. Ndf3 Nc5 20. Bxc5 Bxc5 21.
Ne5 Be7 1/2-1/2